00524nam a2200169Ia 450000500170000000800410001708200080005810000140006624500650008026000350014530000170018065000160019765000210021394200060023495200990024099900150033920240607055505.0240331s9999 xx 000 0 und d bSYS aMarge. ed 0aSystems of devolution and decentralisation :bseminar report aColombobMarga Institutec1987 axiii,244 p., aDevolution  aDecentralisation cL 001040708LaWERCLbWERCLcSSCd2024-03-31l0o 351.0073 SYSp130r2024-03-31w2024-03-31yL c2864d2864